Australian Number One Hits Of The 1980's - Statistics

General Stats
  • This quiz has been taken 48 times
  • The average score is 92 of 158
Answer Stats
Hint Answer % Correct
Take On Me a-Ha
97%
Uptown Girl Billy Joel
97%
Do You Really Want To Hurt Me | Karma Chameleon Culture Club
97%
Come On Eileen Dexy's Midnight Runners
97%
Careless Whisper | Faith George Michael
97%
Angel/Into The Groove | Crazy For You | Like A Prayer | +2 others Madonna
97%
Down Under Men At Work
97%
Billie Jean | Don't Stop Til You Get Enough Michael Jackson
97%
Eye Of The Tiger Survivor
97%
Eternal Flame | Walk Like An Egyptian The Bangles
97%
Wake Me Up Before You Go-Go Wham!
97%
Girls Just Want To Have Fun Cyndi Lauper
95%
Physical Olivia Newton-John
95%
When Doves Cry Prince
95%
Never Gonna Give You Up Rick Astley
95%
Total Eclipse Of The Heart Bonnie Tyler
92%
99 Luftballoons Nena
92%
Love Shack The B-52's
92%
We Don't Need Another Hero (Thunderdome) | What's Love Got To Do With It? Tina Turner
92%
Greatest Love Of All | I Wanna Dance With Somebody (Who Loves Me) Whitney Houston
92%
If I Could Turn Back Time Cher
89%
I Want To Know What Love Is Foreigner
89%
I Love Rock N Roll Joan Jett & The Blackhearts
89%
Islands In The Stream Kenny Rogers & Dolly Parton
89%
All Night Long (All Night) | Hello Lionel Richie
89%
Crazy Little Thing Called Love Queen
89%
Tainted Love Soft Cell
89%
Kokomo The Beach Boys
89%
Got My Mind Set On You George Harrison
86%
Footloose Kenny Loggins
86%
Jessie's Girl Rick Springfield
86%
Chain Reaction | Upside Down Diana Ross
84%
We Built This City Starship
84%
I Just Called To Say I Love You Stevie Wonder
84%
Video Killed The Radio Star The Buggles
84%
I'm Gonna Be (500 Miles) The Proclaimers
84%
Venus Bananarama
81%
Get Outta My Dreams, Get Into My Car | When The Going Gets Tough, The Tough Get Going Billy Ocean
81%
Got To Be Certain | I Should Be So Lucky | Locomotion Kylie Minogue
81%
Addicted To Love | Simply Irresistable Robert Palmer
81%
The Power Of Love Huey Lewis & The News
78%
Bette Davis Eyes Kim Carnes
78%
Eat It Weird Al Yankovic
78%
Do They Know It's Christmas? Band Aid
76%
She Drives Me Crazy Fine Young Cannibals
76%
Love Is A Battlefield Pat Benatar
76%
I Ran (So Far Away) A Flock Of Seagulls
73%
Wind Beneath My Wings Bette Midler
73%
Don't Worry, Be Happy Bobby McFerrin
73%
Flashdance... What A Feeling Irene Cara
73%
Dancing In The Street Mick Jagger & David Bowie
73%
Shout Tears For Fears
73%
Start Me Up The Rolling Stones
73%
Mickey Toni Basil
73%
Funkytown Lipps Inc
70%
Abracadabra Steve Miller Band
70%
(Just Like) Starting Over John Lennon
68%
We Are The World USA For Africa
68%
Goody Two Shoes Adam Ant
65%
The Living Years Mike & The Mechanics
65%
Endless Love Diana Ross & Lionel Richie
62%
A Groovy Kind Of Love Phil Collins
62%
The Look Roxette
62%
9 To 5 (Morning Train) Sheena Easton
62%
You Got It (The Right Stuff) New Kids On The Block
59%
Centerfold The J Geils Band
59%
(I've Had) The Time Of My Life Bill Medley & Jennifer Warnes
57%
That's What Friends Are For Dionne Warwick, Gladys Knight, Elton John & Stevie Wonder
57%
You Keep Me Hangin' On Kim Wilde
54%
What A Wonderful World Louis Armstrong
54%
Desire U2
54%
Right Here Waiting Richard Marx
51%
Up Where We Belong Joe Cocker & Jennifer Warnes
49%
Dev-O Live EP Devo
46%
Original Sin INXS
46%
This Ole House | You Drive Me Crazy Shakin' Stevens
46%
If You Don't Know Me By Now Simply Red
46%
Woman In Love Barbra Streisand
43%
Living Doll Cliff Richard & The Young Ones
43%
A Good Heart Feargal Sharkey
43%
I Knew You Were Waiting (For Me) George Michael & Aretha Franklin
43%
Respectable Mel & Kim
43%
Pass The Dutchie Musical Youth
43%
I Got You Babe UB40 & Chrissie Hynde
43%
Antmusic Adam And The Ants
41%
One Night In Bangkok Murray Head
41%
Jealous Guy Roxy Music
41%
Turning Japanese The Vapors
41%
The Flame Cheap Trick
38%
Would I Lie To You? Eurythmics
35%
Please Don't Go KC And The Sunshine Band
35%
The Power Of Love Jennifer Rush
30%
Swing The Mood Jive Bunny & The Mastermixers
30%
Age Of Reason | You're The Voice John Farnham
30%
Gloria Laura Branigan
30%
Stars On 45 Medley Stars On 45
30%
I've Never Been To Me Charlene
27%
Perfect Fairground Attraction
27%
Electric Blue Icehouse
24%
Touch Me (I Want Your Body) Samantha Fox
24%
Species Decreases EP Midnight Oil
19%
Funkytown Pseudo Echo
19%
Can't Stop The Music Village People
19%
I Should Have Known Better Jim Diamond
16%
Reckless (Don't Be So) Australian Crawl
11%
Moscow Genghis Khan
11%
Tucker's Daughter Ian Moss
11%
Out Of Mind, Out Of Sight Models
11%
I Was Only 19 (A Walk In The Light Green) Redgum
11%
Teardrops Womack & Womack
11%
Australiana Austen Tayshus
8%
I Wanna Wake Up With You Boris Gardiner
8%
Slice Of Heaven Dave Dobbyn & Herbs
8%
More Than I Can Say Leo Sayer
8%
What About Me Moving Pictures
8%
Tired Of Toein' The Line Rocky Burnette
8%
Counting The Beat The Swingers
8%
Shaddap You Face Joe Dolce Music Theatre
5%
Trouble Lindsey Buckingham
5%
Boom Boom (Let's Go Back To My Room) Paul Lekakis
5%
The Other Woman Ray Parker Jr
5%
Duncan Slim Dusty
5%
You Weren't In Love With Me Billy Field
3%
Too Much Ain't Enough Love Jimmy Barnes
3%
I Got You Split Endz
3%
He's Gonna Step On You Again The Party Boys
3%
It's Not Just Cricket The Twelfth Man
3%
Now You're In Heaven Julian Lennon
0%
La Bamba Los Labos
0%
No matching quizzes found
Score Distribution
Percent of People with Each Score
Percentile by Number Answered
Your Score History
You have not taken this quiz